Word Ladder: A Classy Criminal Quiz Stats

 Plays Quiz Updated Aug 31, 2017

Challenge
Share
Tweet
Embed
Score 0/20 Timer 03:00
1 Play Today
Hint 4-Letter Word % Correct
Hallmark's outputCARD
94.6%
Baby bottle contentsMILK
93.6%
Breathing organ for fishGILL
93.6%
Is unable toCAN'T
93.5%
Cards held in poker
★ [RUNG 1][RUNG 12]: Metal device to secure a criminal ★
★HAND★
93.3%
'Don't upset the apple ___'CART
93.2%
Sleeve end
★ [RUNG 12][RUNG 21]: Metal device to secure shirt sleeves ★
★CUFF★
92.1%
Part of a chain★LINK★
92.1%
Web-footed seabirdGULL
90.7%
Like water with high mineral contentHARD
89.7%
Hint 4-Letter Word % Correct
Draft of a lawBILL
89.6%
Weasel-like animalMINK
89.6%
A long, impassioned speechRANT
89.1%
Huckleberry Finn's mode of transportationRAFT
88.7%
27th US presidentTAFT
87.7%
Defraud or cheat out of moneyBILK
86.9%
Small clump of hair sticking upTUFT
83.5%
Sea inletGULF
83.1%
An equivalent of baloney, bull, bunk, or hogwashGUFF
79.9%
Abbrev. volume unit of 1728 in³CU. FT.
76.5%

Today's Daily Dose

You're not logged in!

Compare scores with friends on all Sporcle quizzes.
OR
Log In

You Might Also Like...

Show Comments

Extras

Top Quizzes Today


Score Distribution

Your Account Isn't Verified!

In order to create a playlist on Sporcle, you need to verify the email address you used during registration. Go to your Sporcle Settings to finish the process.

Report this User

Report this user for behavior that violates our Community Guidelines.

Details: